[Event "DEM U18 2023"]
[Site "Willingen GER"]
[Date "2023.05.28"]
[Round "2"]
[White "Haack, Kevin"]
[Black "Albert, Markus"]
[Result "0-1"]
[Termination "normal"]
[Board "4"]
[WhiteTitle "FM"]
[WhiteElo "2303"]
[BlackElo "2232"]
[WhiteClock "00:03:44"]
[BlackClock "00:04:28"]
[PlyCount "110"]
[WhiteFideId "16228715"]
[BlackFideId "16292626"]
[EventCountry "GER"]
[EventRounds "9"]
[EventType "swiss"]
[EventDate "2023.05.27"]

1. d4 {[%clk 01:30:54]} {[%emt 00:00:05]} Nf6 {[%clk 01:30:30]} {[%emt
00:00:30]} 2. c4 {[%clk 01:30:54]} {[%emt 00:00:27]} g6 {[%clk 01:29:51]}
{[%emt 00:01:13]} 3. g3 {[%clk 01:31:05]} {[%emt 00:00:18]} Bg7 {[%clk
01:28:20]} {[%emt 00:02:02]} 4. Bg2 {[%clk 01:30:59]} {[%emt 00:00:35]} O-O
{[%clk 01:26:57]} {[%emt 00:01:52]} 5. Nc3 {[%clk 01:30:39]} {[%emt 00:00:52]}
d6 {[%clk 01:19:57]} {[%emt 00:07:30]} 6. Nf3 {[%clk 01:30:10]} {[%emt
00:00:58]} Nbd7 {[%clk 01:16:55]} {[%emt 00:03:32]} 7. O-O {[%clk 01:29:04]}
{[%emt 00:01:36]} e5 {[%clk 01:16:08]} {[%emt 00:01:18]} 8. e4 {[%clk
01:28:05]} {[%emt 00:01:27]} Re8 {[%clk 01:14:42]} {[%emt 00:01:58]} 9. h3
{[%clk 01:25:54]} {[%emt 00:02:41]} c6 {[%clk 01:13:42]} {[%emt 00:01:30]} 10.
Re1 {[%clk 01:25:08]} {[%emt 00:01:15]} Qc7 {[%clk 01:08:34]} {[%emt 00:05:39]}
11. b3 {[%clk 01:17:35]} {[%emt 00:08:03]} a6 {[%clk 01:04:25]} {[%emt
00:04:39]} 12. Ba3 {[%clk 01:04:22]} {[%emt 00:13:43]} b5 {[%clk 00:53:07]}
{[%emt 00:11:47]} 13. d5 {[%clk 00:52:57]} {[%emt 00:11:56]} c5 {[%clk
00:48:16]} {[%emt 00:05:21]} 14. Bb2 {[%clk 00:51:19]} {[%emt 00:02:07]} bxc4
{[%clk 00:43:29]} {[%emt 00:05:17]} 15. bxc4 {[%clk 00:51:39]} {[%emt
00:00:10]} Nb6 {[%clk 00:43:21]} {[%emt 00:00:38]} 16. Qd3 {[%clk 00:50:12]}
{[%emt 00:01:57]} Rb8 {[%clk 00:42:35]} {[%emt 00:01:16]} 17. Bc1 {[%clk
00:45:52]} {[%emt 00:04:50]} Bd7 {[%clk 00:33:34]} {[%emt 00:09:31]} 18. Bg5
{[%clk 00:42:42]} {[%emt 00:03:40]} Rf8 {[%clk 00:20:52]} {[%emt 00:13:13]} 19.
Rac1 {[%clk 00:37:16]} {[%emt 00:05:54]} Na4 {[%clk 00:18:59]} {[%emt
00:02:24]} 20. Nd2 {[%clk 00:29:22]} {[%emt 00:08:24]} Rb4 {[%clk 00:14:10]}
{[%emt 00:05:19]} 21. Nxa4 {[%clk 00:26:33]} {[%emt 00:03:18]} Rxa4 {[%clk
00:13:27]} {[%emt 00:01:14]} 22. Qc2 {[%clk 00:26:04]} {[%emt 00:00:59]} Rb8
{[%clk 00:12:08]} {[%emt 00:01:49]} 23. Nb3 {[%clk 00:24:33]} {[%emt 00:02:01]}
Rab4 {[%clk 00:09:35]} {[%emt 00:03:03]} 24. Bd2 {[%clk 00:20:45]} {[%emt
00:04:18]} R4b7 {[%clk 00:09:29]} {[%emt 00:00:36]} 25. Qd3 {[%clk 00:18:09]}
{[%emt 00:03:05]} Ba4 {[%clk 00:08:25]} {[%emt 00:01:35]} 26. Rb1 {[%clk
00:17:31]} {[%emt 00:01:08]} Nd7 {[%clk 00:07:22]} {[%emt 00:01:32]} 27. Bf1
{[%clk 00:15:49]} {[%emt 00:02:12]} Bf8 {[%clk 00:04:38]} {[%emt 00:03:15]} 28.
Be2 {[%clk 00:14:37]} {[%emt 00:01:41]} Nf6 {[%clk 00:03:46]} {[%emt 00:01:23]}
29. Bf3 {[%clk 00:13:14]} {[%emt 00:01:52]} Bd7 {[%clk 00:03:48]} {[%emt
00:00:28]} 30. Kg2 {[%clk 00:08:13]} {[%emt 00:05:32]} Qc8 {[%clk 00:03:45]}
{[%emt 00:00:33]} 31. h4 {[%clk 00:08:26]} {[%emt 00:00:16]} h5 {[%clk
00:02:29]} {[%emt 00:01:47]} 32. Rec1 {[%clk 00:07:54]} {[%emt 00:01:02]} Kh7
{[%clk 00:02:06]} {[%emt 00:00:53]} 33. Na5 {[%clk 00:04:28]} {[%emt 00:03:56]}
Rb6 {[%clk 00:02:14]} {[%emt 00:00:22]} 34. Rxb6 {[%clk 00:03:53]} {[%emt
00:01:05]} Rxb6 {[%clk 00:02:40]} {[%emt 00:00:04]} 35. Rb1 {[%clk 00:04:08]}
{[%emt 00:00:14]} Qb8 {[%clk 00:02:05]} {[%emt 00:01:05]} 36. Rxb6 {[%clk
00:04:31]} {[%emt 00:00:07]} Qxb6 {[%clk 00:02:34]} {[%emt 00:00:01]} 37. Qb3
{[%clk 00:03:41]} {[%emt 00:01:20]} Qc7 {[%clk 00:02:50]} {[%emt 00:00:15]} 38.
Nb7 {[%clk 00:02:41]} {[%emt 00:01:29]} Bc8 {[%clk 00:02:56]} {[%emt 00:00:25]}
39. Na5 {[%clk 00:03:06]} {[%emt 00:00:05]} Bd7 {[%clk 00:02:11]} {[%emt
00:01:14]} 40. Qc2 {[%clk 00:01:48]} {[%emt 00:01:48]} Bh6 {[%clk 00:01:08]}
{[%emt 00:01:33]} 41. Be1 {[%clk 00:24:57]} {[%emt 00:07:22]} Qb6 {[%clk
00:27:18]} {[%emt 00:04:20]} 42. Bd1 {[%clk 00:23:47]} {[%emt 00:01:40]} Qc7
{[%clk 00:23:44]} {[%emt 00:04:04]} 43. f3 {[%clk 00:20:34]} {[%emt 00:03:42]}
Bc8 {[%clk 00:23:04]} {[%emt 00:01:10]} 44. Qb1 {[%clk 00:20:07]} {[%emt
00:00:57]} Qd7 {[%clk 00:20:17]} {[%emt 00:03:17]} 45. Bf2 {[%clk 00:16:03]}
{[%emt 00:04:34]} Qc7 {[%clk 00:15:46]} {[%emt 00:05:01]} 46. Nc6 {[%clk
00:13:34]} {[%emt 00:02:59]} Bb7 {[%clk 00:15:27]} {[%emt 00:00:49]} 47. Ba4
{[%clk 00:13:33]} {[%emt 00:00:31]} Nd7 {[%clk 00:14:52]} {[%emt 00:01:05]} 48.
Be1 {[%clk 00:12:50]} {[%emt 00:01:14]} Nf6 {[%clk 00:07:04]} {[%emt 00:08:18]}
49. Ba5 {[%clk 00:12:00]} {[%emt 00:01:19]} Qd7 {[%clk 00:07:18]} {[%emt
00:00:16]} 50. Be1 {[%clk 00:07:58]} {[%emt 00:04:32]} Bc8 {[%clk 00:07:14]}
{[%emt 00:00:34]} 51. Bf2 {[%clk 00:07:41]} {[%emt 00:00:47]} Qh3+ {[%clk
00:04:24]} {[%emt 00:03:20]} 52. Kg1 {[%clk 00:08:06]} {[%emt 00:00:06]} Be3
{[%clk 00:04:06]} {[%emt 00:00:48]} 53. Qc2 {[%clk 00:03:29]} {[%emt 00:05:06]}
Qxg3+ {[%clk 00:04:27]} {[%emt 00:00:09]} 54. Kf1 {[%clk 00:03:56]} {[%emt
00:00:03]} Qxf3 {[%clk 00:04:24]} {[%emt 00:00:32]} 55. Ke1 {[%clk 00:03:44]}
{[%emt 00:00:43]} Nxe4 {[%clk 00:04:28]} {[%emt 00:00:26]} 0-1

[Event "DEM U18 2023"]
[Site "Willingen GER"]
[Date "2023.05.28"]
[Round "2"]
[White "Evering, Sören"]
[Black "Farokhi, Keyvan"]
[Result "0-1"]
[Termination "normal"]
[Board "5"]
[BlackTitle "FM"]
[WhiteElo "2061"]
[BlackElo "2266"]
[WhiteClock "00:01:00"]
[BlackClock "00:49:59"]
[PlyCount "60"]
[WhiteFideId "12974650"]
[BlackFideId "12998630"]
[EventCountry "GER"]
[EventRounds "9"]
[EventType "swiss"]
[EventDate "2023.05.27"]

1. e4 {[%clk 01:30:54]} {[%emt 00:00:06]} c5 {[%clk 01:30:53]} {[%emt
00:00:07]} 2. Nf3 {[%clk 01:31:16]} {[%emt 00:00:08]} e6 {[%clk 01:31:13]}
{[%emt 00:00:09]} 3. d4 {[%clk 01:31:37]} {[%emt 00:00:09]} cxd4 {[%clk
01:31:37]} {[%emt 00:00:06]} 4. Nxd4 {[%clk 01:32:02]} {[%emt 00:00:06]} Nc6
{[%clk 01:32:01]} {[%emt 00:00:05]} 5. Nc3 {[%clk 01:31:42]} {[%emt 00:00:51]}
Nf6 {[%clk 01:32:26]} {[%emt 00:00:05]} 6. Ndb5 {[%clk 01:31:27]} {[%emt
00:00:45]} Bc5 {[%clk 01:32:47]} {[%emt 00:00:08]} 7. Bf4 {[%clk 01:15:26]}
{[%emt 00:16:31]} O-O {[%clk 01:32:43]} {[%emt 00:00:32]} 8. Bd6 {[%clk
01:03:35]} {[%emt 00:12:23]} Qb6 {[%clk 01:26:45]} {[%emt 00:06:29]} 9. Bxc5
{[%clk 00:48:07]} {[%emt 00:15:58]} Qxc5 {[%clk 01:27:12]} {[%emt 00:00:02]}
10. Qd6 {[%clk 00:47:11]} {[%emt 00:01:27]} Qb6 {[%clk 01:27:33]} {[%emt
00:00:08]} 11. O-O-O {[%clk 00:31:50]} {[%emt 00:15:52]} a6 {[%clk 01:12:40]}
{[%emt 00:15:22]} 12. Nd4 {[%emt 00:06:54]} Ne8 {[%clk 01:04:26]} {[%emt
00:08:41]} 13. Na4 {[%clk 00:25:51]} {[%emt 00:00:08]} Qa5 {[%clk 01:03:23]}
{[%emt 00:01:32]} 14. Nxc6 {[%clk 00:25:12]} {[%emt 00:01:11]} bxc6 {[%clk
01:03:45]} {[%emt 00:00:07]} 15. Qd4 {[%clk 00:24:05]} {[%emt 00:01:37]} e5
{[%clk 01:01:48]} {[%emt 00:02:27]} 16. Qc4 {[%clk 00:22:26]} {[%emt 00:02:10]}
Rb8 {[%clk 01:00:40]} {[%emt 00:01:38]} 17. a3 {[%clk 00:17:54]} {[%emt
00:05:03]} Nf6 {[%clk 00:58:41]} {[%emt 00:02:27]} 18. Nc3 {[%clk 00:16:38]}
{[%emt 00:01:46]} Qb6 {[%clk 00:57:36]} {[%emt 00:01:35]} 19. b3 {[%clk
00:10:10]} {[%emt 00:06:57]} Qxf2 {[%clk 00:55:47]} {[%emt 00:02:19]} 20. Qe2
{[%clk 00:05:05]} {[%emt 00:05:37]} Qc5 {[%clk 00:54:41]} {[%emt 00:01:35]} 21.
Kb2 {[%clk 00:05:21]} {[%emt 00:00:15]} d5 {[%clk 00:54:11]} {[%emt 00:01:00]}
22. Rd3 {[%clk 00:03:04]} {[%emt 00:02:47]} d4 {[%clk 00:52:03]} {[%emt
00:02:36]} 23. Na4 {[%clk 00:03:30]} {[%emt 00:00:06]} Qa5 {[%clk 00:51:41]}
{[%emt 00:00:51]} 24. Ka2 {[%clk 00:03:54]} {[%emt 00:00:06]} Bg4 {[%clk
00:51:44]} {[%emt 00:00:25]} 25. Qf2 {[%clk 00:03:05]} {[%emt 00:01:20]} Nxe4
{[%clk 00:51:44]} {[%emt 00:00:30]} 26. Qh4 {[%clk 00:03:26]} {[%emt 00:00:10]}
Bf5 {[%clk 00:51:36]} {[%emt 00:00:37]} 27. Rf3 {[%clk 00:03:08]} {[%emt
00:00:49]} Nd6 {[%clk 00:50:33]} {[%emt 00:01:32]} 28. Qf2 {[%clk 00:00:38]}
{[%emt 00:03:01]} e4 {[%clk 00:50:15]} {[%emt 00:00:48]} 29. Rg3 {[%clk
00:01:00]} {[%emt 00:00:08]} e3 {[%clk 00:50:21]} {[%emt 00:00:24]} 30. Qf4
{[%clk 00:01:00]} {[%emt 00:00:31]} Qd2 {[%clk 00:49:59]} {[%emt 00:00:51]} 0-1

[Event "DEM U18 2023"]
[Site "Willingen GER"]
[Date "2023.05.28"]
[Round "2"]
[White "Pikalow, Michael"]
[Black "Pubantz, Jan"]
[Result "0-1"]
[Termination "normal"]
[Board "6"]
[WhiteElo "2147"]
[BlackElo "2332"]
[WhiteClock "00:01:12"]
[BlackClock "00:21:37"]
[PlyCount "56"]
[WhiteFideId "16227638"]
[BlackFideId "12996114"]
[EventCountry "GER"]
[EventRounds "9"]
[EventType "swiss"]
[EventDate "2023.05.27"]

1. e4 {[%clk 01:30:38]} {[%emt 00:00:21]} c6 {[%clk 01:30:57]} {[%emt
00:00:04]} 2. d4 {[%clk 01:30:50]} {[%emt 00:00:18]} d5 {[%clk 01:31:23]}
{[%emt 00:00:03]} 3. e5 {[%clk 01:31:17]} {[%emt 00:00:03]} Bf5 {[%clk
01:31:51]} {[%emt 00:00:03]} 4. h4 {[%clk 01:31:44]} {[%emt 00:00:02]} h6
{[%clk 01:32:03]} {[%emt 00:00:18]} 5. g4 {[%clk 01:32:11]} {[%emt 00:00:03]}
Be4 {[%clk 01:32:31]} {[%emt 00:00:02]} 6. f3 {[%clk 01:32:39]} {[%emt
00:00:02]} Bh7 {[%clk 01:32:57]} {[%emt 00:00:04]} 7. e6 {[%clk 01:33:01]}
{[%emt 00:00:08]} Qd6 {[%clk 01:32:46]} {[%emt 00:00:41]} 8. exf7+ {[%clk
01:29:24]} {[%emt 00:04:07]} Kxf7 {[%clk 01:33:14]} {[%emt 00:00:03]} 9. Bd3
{[%clk 01:15:36]} {[%emt 00:14:17]} Nd7 {[%clk 01:33:22]} {[%emt 00:00:22]} 10.
Nc3 {[%clk 01:12:11]} {[%emt 00:03:55]} e5 {[%clk 01:22:57]} {[%emt 00:10:55]}
11. Bxh7 {[%clk 01:11:56]} {[%emt 00:00:45]} Rxh7 {[%clk 01:23:04]} {[%emt
00:00:23]} 12. Qd3 {[%clk 01:12:20]} {[%emt 00:00:06]} Ngf6 {[%clk 01:22:28]}
{[%emt 00:01:05]} 13. Be3 {[%clk 01:09:12]} {[%emt 00:03:38]} exd4 {[%clk
01:09:17]} {[%emt 00:13:41]} 14. Bxd4 {[%clk 01:06:44]} {[%emt 00:02:59]} Ne5
{[%clk 01:05:16]} {[%emt 00:04:30]} 15. Bxe5 {[%clk 01:04:50]} {[%emt
00:02:25]} Qxe5+ {[%clk 01:05:43]} {[%emt 00:00:03]} 16. Nge2 {[%clk 01:05:13]}
{[%emt 00:00:07]} Bc5 {[%clk 01:02:09]} {[%emt 00:04:03]} 17. O-O-O {[%clk
00:46:02]} {[%emt 00:19:41]} Qe3+ {[%clk 00:57:34]} {[%emt 00:05:06]} 18. Kb1
{[%clk 00:46:22]} {[%emt 00:00:11]} g6 {[%clk 00:56:56]} {[%emt 00:01:08]} 19.
Qxe3 {[%clk 00:37:03]} {[%emt 00:09:48]} Bxe3 {[%clk 00:57:20]} {[%emt
00:00:06]} 20. Rd3 {[%clk 00:37:20]} {[%emt 00:00:13]} Re8 {[%clk 00:55:35]}
{[%emt 00:02:14]} 21. Nd4 {[%clk 00:24:04]} {[%emt 00:13:46]} Kg8 {[%clk
00:45:05]} {[%emt 00:11:00]} 22. h5 {[%clk 00:11:11]} {[%emt 00:13:23]} gxh5
{[%clk 00:37:56]} {[%emt 00:07:39]} 23. Nf5 {[%clk 00:09:39]} {[%emt 00:02:03]}
Bf4 {[%clk 00:27:59]} {[%emt 00:10:26]} 24. gxh5 {[%clk 00:04:58]} {[%emt
00:05:10]} Re5 {[%clk 00:27:02]} {[%emt 00:01:29]} 25. Rg1+ {[%clk 00:04:50]}
{[%emt 00:00:37]} Kf7 {[%clk 00:25:41]} {[%emt 00:01:51]} 26. Nd4 {[%clk
00:02:18]} {[%emt 00:03:03]} Rg7 {[%clk 00:21:51]} {[%emt 00:04:19]} 27. Rxg7+
{[%clk 00:01:57]} {[%emt 00:00:52]} Kxg7 {[%clk 00:22:18]} {[%emt 00:00:02]}
28. Nde2 {[%clk 00:01:12]} {[%emt 00:01:15]} Nxh5 {[%clk 00:21:37]} {[%emt
00:01:11]} 0-1

[Event "DEM U18 2023"]
[Site "Willingen GER"]
[Date "2023.05.28"]
[Round "2"]
[White "Laux, Dominik"]
[Black "May, Ben-Iven"]
[Result "1-0"]
[Termination "normal"]
[Board "7"]
[WhiteTitle "FM"]
[WhiteElo "2297"]
[BlackElo "1940"]
[WhiteClock "00:39:27"]
[BlackClock "00:09:09"]
[PlyCount "51"]
[WhiteFideId "12994219"]
[BlackFideId "16229673"]
[EventCountry "GER"]
[EventRounds "9"]
[EventType "swiss"]
[EventDate "2023.05.27"]

1. e4 {[%clk 01:30:38]} {[%emt 00:00:21]} c5 {[%clk 01:30:41]} {[%emt
00:00:20]} 2. Nf3 {[%clk 01:30:50]} {[%emt 00:00:19]} d6 {[%clk 01:30:59]}
{[%emt 00:00:12]} 3. d4 {[%clk 01:31:00]} {[%emt 00:00:19]} cxd4 {[%clk
01:31:25]} {[%emt 00:00:05]} 4. Nxd4 {[%clk 01:31:25]} {[%emt 00:00:04]} Nf6
{[%clk 01:31:52]} {[%emt 00:00:04]} 5. Nc3 {[%clk 01:31:46]} {[%emt 00:00:09]}
a6 {[%clk 01:30:58]} {[%emt 00:01:24]} 6. Be3 {[%clk 01:30:56]} {[%emt
00:01:20]} e6 {[%clk 01:30:33]} {[%emt 00:00:56]} 7. Be2 {[%clk 01:29:47]}
{[%emt 00:01:38]} Be7 {[%clk 01:30:38]} {[%emt 00:00:24]} 8. g4 {[%clk
01:28:17]} {[%emt 00:02:01]} h6 {[%clk 01:27:08]} {[%emt 00:04:01]} 9. h4
{[%clk 01:26:02]} {[%emt 00:02:44]} Nfd7 {[%clk 01:19:40]} {[%emt 00:07:57]}
10. Qd2 {[%clk 01:23:26]} {[%emt 00:03:07]} b5 {[%clk 01:18:26]} {[%emt
00:01:45]} 11. a3 {[%clk 01:21:09]} {[%emt 00:02:47]} Bb7 {[%clk 01:18:02]}
{[%emt 00:00:53]} 12. O-O-O {[%clk 01:20:17]} {[%emt 00:01:22]} Nc6 {[%clk
01:13:23]} {[%emt 00:05:10]} 13. g5 {[%clk 01:13:47]} {[%emt 00:06:59]} hxg5
{[%clk 00:48:18]} {[%emt 00:25:35]} 14. hxg5 {[%clk 01:06:05]} {[%emt
00:08:12]} Rxh1 {[%clk 00:41:01]} {[%emt 00:07:47]} 15. Rxh1 {[%clk 01:03:38]}
{[%emt 00:02:56]} Qa5 {[%clk 00:38:05]} {[%emt 00:03:27]} 16. Rh8+ {[%clk
00:58:49]} {[%emt 00:05:19]} Nf8 {[%clk 00:37:26]} {[%emt 00:01:09]} 17. g6
{[%clk 00:57:34]} {[%emt 00:01:45]} b4 {[%clk 00:25:02]} {[%emt 00:12:54]} 18.
gxf7+ {[%clk 00:50:08]} {[%emt 00:07:55]} Kxf7 {[%clk 00:20:01]} {[%emt
00:05:32]} 19. axb4 {[%clk 00:44:07]} {[%emt 00:06:31]} Nxb4 {[%clk 00:19:42]}
{[%emt 00:00:49]} 20. Nb3 {[%clk 00:42:00]} {[%emt 00:02:37]} Qc7 {[%clk
00:16:35]} {[%emt 00:03:36]} 21. Bg5 {[%clk 00:37:41]} {[%emt 00:04:49]} Bxg5
{[%clk 00:15:24]} {[%emt 00:01:42]} 22. Qxg5 {[%clk 00:38:05]} {[%emt
00:00:06]} Qe7 {[%clk 00:09:46]} {[%emt 00:06:08]} 23. Bh5+ {[%clk 00:38:12]}
{[%emt 00:00:22]} g6 {[%clk 00:08:57]} {[%emt 00:01:20]} 24. Bxg6+ {[%clk
00:38:37]} {[%emt 00:00:05]} Nxg6 {[%clk 00:09:03]} {[%emt 00:00:24]} 25. Rh7+
{[%clk 00:39:02]} {[%emt 00:00:05]} Kf8 {[%clk 00:09:09]} {[%emt 00:00:24]} 26.
Qxg6 {[%clk 00:39:27]} {[%emt 00:00:04]} 1-0

[Event "DEM U18 2023"]
[Site "Willingen GER"]
[Date "2023.05.28"]
[Round "2"]
[White "Chassard, Cedric"]
[Black "Gallasch, Jonas"]
[Result "1-0"]
[Termination "normal"]
[Board "8"]
[BlackTitle "FM"]
[WhiteElo "2041"]
[BlackElo "2296"]
[WhiteClock "00:58:11"]
[BlackClock "00:08:33"]
[PlyCount "119"]
[WhiteFideId "16243536"]
[BlackFideId "16222474"]
[EventCountry "GER"]
[EventRounds "9"]
[EventType "swiss"]
[EventDate "2023.05.27"]

1. e4 {[%clk 01:30:58]} {[%emt 00:00:01]} c6 {[%clk 01:30:56]} {[%emt
00:00:05]} 2. d4 {[%clk 01:31:25]} {[%emt 00:00:03]} d5 {[%clk 01:31:21]}
{[%emt 00:00:05]} 3. e5 {[%clk 01:31:51]} {[%emt 00:00:05]} Bf5 {[%clk
01:31:46]} {[%emt 00:00:04]} 4. Nf3 {[%clk 01:32:15]} {[%emt 00:00:04]} e6
{[%clk 01:32:13]} {[%emt 00:00:05]} 5. Be2 {[%clk 01:32:41]} {[%emt 00:00:04]}
c5 {[%clk 01:32:38]} {[%emt 00:00:04]} 6. Be3 {[%clk 01:33:01]} {[%emt
00:00:10]} Qb6 {[%clk 01:32:59]} {[%emt 00:00:10]} 7. Nc3 {[%clk 01:33:26]}
{[%emt 00:00:06]} Nc6 {[%clk 01:33:19]} {[%emt 00:00:09]} 8. O-O {[%clk
01:33:50]} {[%emt 00:00:05]} Qxb2 {[%clk 01:33:38]} {[%emt 00:00:13]} 9. Qe1
{[%clk 01:34:18]} cxd4 {[%clk 01:33:58]} {[%emt 00:00:10]} 10. Bxd4 {[%clk
01:34:47]} Nxd4 {[%clk 01:34:18]} {[%emt 00:00:09]} 11. Nxd4 {[%clk 01:35:15]}
{[%emt 00:00:02]} Bb4 {[%clk 01:34:40]} {[%emt 00:00:09]} 12. Rb1 {[%clk
01:35:30]} {[%emt 00:00:14]} Bxc3 {[%clk 01:35:00]} {[%emt 00:00:11]} 13. Rxb2
{[%clk 01:35:58]} {[%emt 00:00:02]} Bxe1 {[%clk 01:35:21]} {[%emt 00:00:08]}
14. Rxe1 {[%clk 01:36:20]} {[%emt 00:00:08]} b6 {[%clk 01:35:48]} {[%emt
00:00:04]} 15. Bb5+ {[%clk 01:35:15]} {[%emt 00:01:35]} Kf8 {[%clk 01:36:09]}
{[%emt 00:00:08]} 16. Nxf5 {[%clk 01:34:05]} {[%emt 00:01:40]} exf5 {[%clk
01:36:37]} {[%emt 00:00:02]} 17. Rd1 {[%clk 01:30:20]} {[%emt 00:04:15]} Ne7
{[%clk 01:33:11]} {[%emt 00:03:57]} 18. c4 {[%clk 01:29:51]} {[%emt 00:00:58]}
dxc4 {[%clk 01:06:57]} {[%emt 00:26:45]} 19. Rc2 {[%clk 01:29:35]} {[%emt
00:00:45]} g5 {[%clk 00:56:12]} {[%emt 00:11:16]} 20. Rxc4 {[%clk 01:27:48]}
{[%emt 00:02:17]} Ng6 {[%clk 00:53:27]} {[%emt 00:03:15]} 21. Rc7 {[%clk
01:23:12]} {[%emt 00:05:03]} Nxe5 {[%clk 00:45:52]} {[%emt 00:08:08]} 22. Rd5
{[%clk 01:23:04]} {[%emt 00:00:37]} Ng4 {[%clk 00:39:15]} {[%emt 00:07:07]} 23.
Rxf5 {[%clk 01:18:43]} {[%emt 00:04:52]} Nh6 {[%clk 00:39:08]} {[%emt
00:00:37]} 24. Rxg5 {[%clk 01:17:37]} {[%emt 00:01:36]} Rg8 {[%clk 00:34:28]}
{[%emt 00:05:09]} 25. Rd5 {[%clk 01:04:32]} {[%emt 00:13:33]} Kg7 {[%clk
00:20:15]} {[%emt 00:14:45]} 26. g3 {[%clk 01:02:00]} {[%emt 00:03:03]} a6
{[%clk 00:16:04]} {[%emt 00:04:40]} 27. Bd3 {[%clk 00:57:35]} {[%emt 00:04:55]}
b5 {[%clk 00:09:40]} {[%emt 00:06:55]} 28. Rg5+ {[%clk 00:56:54]} {[%emt
00:01:10]} Kh8 {[%clk 00:09:35]} {[%emt 00:00:35]} 29. Rh5 {[%clk 00:56:22]}
{[%emt 00:01:02]} Kg7 {[%clk 00:04:50]} {[%emt 00:05:15]} 30. Rc6 {[%clk
00:52:43]} {[%emt 00:04:09]} Rad8 {[%clk 00:02:42]} {[%emt 00:02:38]} 31. Bxh7
{[%clk 00:48:06]} {[%emt 00:05:07]} Kxh7 {[%clk 00:02:08]} {[%emt 00:01:04]}
32. Rcxh6+ {[%clk 00:48:25]} {[%emt 00:00:12]} Kg7 {[%clk 00:02:32]} {[%emt
00:00:05]} 33. Rxa6 {[%clk 00:48:49]} {[%emt 00:00:07]} Rd1+ {[%clk 00:01:41]}
{[%emt 00:01:20]} 34. Kg2 {[%clk 00:49:17]} {[%emt 00:00:02]} Rb8 {[%clk
00:02:04]} {[%emt 00:00:07]} 35. Rg5+ {[%clk 00:49:04]} {[%emt 00:00:43]} Kf8
{[%clk 00:02:04]} {[%emt 00:00:30]} 36. Ra7 {[%clk 00:48:56]} {[%emt 00:00:38]}
Rd2 {[%clk 00:01:20]} {[%emt 00:01:15]} 37. Rf5 {[%clk 00:49:19]} {[%emt
00:00:07]} Rc8 {[%clk 00:01:41]} {[%emt 00:00:09]} 38. Rfxf7+ {[%clk 00:49:43]}
{[%emt 00:00:06]} Kg8 {[%clk 00:02:06]} {[%emt 00:00:05]} 39. Rg7+ {[%clk
00:49:59]} {[%emt 00:00:14]} Kh8 {[%clk 00:02:30]} {[%emt 00:00:06]} 40. Rh7+
{[%clk 00:50:26]} {[%emt 00:00:03]} Kg8 {[%clk 00:02:54]} {[%emt 00:00:05]} 41.
Rag7+ {[%clk 00:50:52]} {[%emt 00:00:04]} Kf8 {[%clk 00:03:19]} {[%emt
00:00:05]} 42. Rb7 {[%clk 00:50:36]} {[%emt 00:00:46]} Kg8 {[%clk 00:03:44]}
{[%emt 00:00:05]} 43. Rhg7+ {[%clk 00:51:00]} {[%emt 00:00:06]} Kh8 {[%clk
00:04:08]} {[%emt 00:00:06]} 44. Rgf7 {[%clk 00:51:24]} {[%emt 00:00:06]} Rxa2
{[%clk 00:04:15]} {[%emt 00:00:24]} 45. Rxb5 {[%clk 00:51:48]} {[%emt
00:00:06]} Kg8 {[%clk 00:04:21]} {[%emt 00:00:23]} 46. Rf4 {[%clk 00:52:13]}
{[%emt 00:00:05]} Rc7 {[%clk 00:04:38]} {[%emt 00:00:13]} 47. Rg5+ {[%clk
00:52:42]} {[%emt 00:00:02]} Rg7 {[%clk 00:05:00]} {[%emt 00:00:08]} 48. Rxg7+
{[%clk 00:53:11]} {[%emt 00:00:01]} Kxg7 {[%clk 00:05:23]} {[%emt 00:00:07]}
49. h4 {[%clk 00:53:38]} {[%emt 00:00:03]} Ra3 {[%clk 00:05:37]} {[%emt
00:00:16]} 50. Rb4 {[%clk 00:54:06]} {[%emt 00:00:02]} Rc3 {[%clk 00:05:47]}
{[%emt 00:00:19]} 51. g4 {[%clk 00:54:30]} {[%emt 00:00:06]} Ra3 {[%clk
00:05:55]} {[%emt 00:00:22]} 52. f3 {[%clk 00:54:56]} {[%emt 00:00:04]} Ra5
{[%clk 00:06:11]} {[%emt 00:00:14]} 53. Kg3 {[%clk 00:55:23]} {[%emt 00:00:04]}
Rc5 {[%clk 00:06:35]} {[%emt 00:00:06]} 54. h5 {[%clk 00:55:47]} {[%emt
00:00:04]} Ra5 {[%clk 00:06:55]} {[%emt 00:00:10]} 55. Rb7+ {[%clk 00:56:12]}
{[%emt 00:00:06]} Kg8 {[%clk 00:07:20]} {[%emt 00:00:05]} 56. f4 {[%clk
00:56:35]} {[%emt 00:00:07]} Rc5 {[%clk 00:07:41]} {[%emt 00:00:09]} 57. g5
{[%clk 00:57:01]} {[%emt 00:00:04]} Ra5 {[%clk 00:08:06]} {[%emt 00:00:05]} 58.
Kg4 {[%clk 00:57:25]} {[%emt 00:00:06]} Rc5 {[%clk 00:08:27]} {[%emt 00:00:09]}
59. g6 {[%clk 00:57:50]} {[%emt 00:00:05]} Ra5 {[%clk 00:08:33]} {[%emt
00:00:24]} 60. h6 {[%clk 00:58:11]} {[%emt 00:00:08]} 1-0